Giáo trình Matlab /

محفوظ في:
التفاصيل البيبلوغرافية
المؤلف الرئيسي: Phan Thanh Tao, ThS
التنسيق: كتاب
اللغة:Vietnamese
منشور في: ĐNA 2005
الوسوم: إضافة وسم
لا توجد وسوم, كن أول من يضع وسما على هذه التسجيلة!
Thư viện lưu trữ: Mạng thư viện Đại học Đà Nẵng
LEADER 00603nam a2200265 4500
001 000027383
003 GM05
005 20150406120000.0
008 150406s vm 000 vie
020 |c 0,0000 
040 |a notts 
100 |a Phan Thanh Tao, ThS 
245 |a Giáo trình Matlab /  |c ThS. Phan Thanh Tao. 
260 |b ĐNA  |c 2005 
OWN |a LTT 
999 |a From the UDN01 
TYP |a Monograph 
TYP |a Printed language 
980 |a Mạng thư viện Đại học Đà Nẵng